| 000 | 00915nam a22002657a 4500 | ||
|---|---|---|---|
| 999 |
_c5373 _d5373 |
||
| 003 | AR-CdUCM | ||
| 008 | 190312b ||||| |||| 00| 0 spa d | ||
| 020 | _a950-17-0377-0 | ||
| 040 |
_aMUNICIPALIDAD PROVINCIAL DEL CUSCO _cBIBLIOTECA MUNICIPAL DEL CUSCO |
||
| 041 | _hpo | ||
| 082 |
_a133 / _bT828 _22ed. |
||
| 100 |
_aTrigueirinho _916200 |
||
| 245 |
_aLexico esoterico : _bUna obra dedicada a los tiempos nuevos / |
||
| 260 |
_aBuenos Aires _bKier _c1999 |
||
| 300 |
_a668 _bIlustraciones _c23 cm. |
||
| 505 | _aContenido : Abstracto -- Actos humanos -- Alfa y omega -- Centro de vida creativa -- Dimensiones suprafísicas... | ||
| 650 |
_aAlquimia _916201 |
||
| 650 |
_aMisticismo _9781 |
||
| 650 |
_aLogos planetarios _916202 |
||
| 650 |
_aAnarquía divina _916203 |
||
| 650 |
_aImpulsos cósmicos _916204 |
||
| 700 |
_aZermoglio, Diana (traductor) _916205 |
||
| 942 |
_2ddc _cLIBROS |
||
| 945 | _aJavier | ||